Κατάλογος Βιβλιοθηκών Mediterranean College

Modern Business Management / A Systems and Environmental Approach (Record no. 976)

MARC details
000 -LEADER
fixed length control field 02533cam a22002174a 4500
005 - ΗΜΕΡΟΜΗΝΙΑ ΚΑΙ ΩΡΑ ΤΕΛΕΥΤΑΙΑΣ ΕΝΗΜΕΡΩΣΗΣ
Πεδίο ελέγχου 20250605163951.0
008 - FIXED-LENGTH DATA ELEMENTS--GENERAL INFORMATION
Πεδίο ελέγχου σταθερού μήκους 250528s ||||||||||||||||||||||||d
035 ## - SYSTEM CONTROL NUMBER
System control number 15392
020 ## - ISBN
ISBN 70287562
040 ## - ΠΗΓΗ ΚΑΤΑΛΟΓΟΓΡΑΦΗΣΗΣ
Φορέας πρωτότυπης καταλογογράφησης MC Athens Campus Library
Γλώσσα καταλογογράφησης Ελληνικά, Μοντέρνα (1453-)
Modifying agency MC Athens Campus Library
Κανόνες περιγραφικής καταλογογράφησης AACR2
245 1# - ΤΙΤΛΟΣ ΚΑΙ ΔΗΛΩΣΗ ΥΠΕΥΘΥΝΟΤΗΤΑΣ
Τίτλος Modern Business Management / A Systems and Environmental Approach
260 ## - PUBLICATION, DISTRIBUTION, ETC.
Name of publisher, distributor, etc. Mcgraw Hill Book Company,
Date of publication, distribution, etc. 1974
300 ## - PHYSICAL DESCRIPTION
Extent 538
505 0# - FORMATTED CONTENTS NOTE
Formatted contents note Preface, The Formation of Business Organizations, Business Organizations in Our Society, Why Organizations are Created, The Individual's Relationship to the Organization, The Resources of Business Organizations, The Management Process - An Overview, Stimulating Organizational Creativity, Charting the Organization's Direction, Developing the Organization's Structure, Motivating Employees, Sharing Ideas with Others, Measuring and Assuring the Organization's Progress, Managing the Activities of Business Organizations, Planning for Product Creation, Managing Production, Providing Organizational Funds, Managing Funds, Providing Human Resources, Managing the Marketing of Goods and Services, The Results of Business Organizations, Goods and Services for Customers, Business Organizations and the World around them, Meeting Society's Expectations, Unions in Today's Society, Special Issues in Managing Organizations, Small Business management, Careers in Nonbusiness Organizations, Index.
520 ## - SUMMARY, ETC.
Summary, etc. Preface, The Formation of Business Organizations, Business Organizations in Our Society, Why Organizations are Created, The Individual's Relationship to the Organization, The Resources of Business Organizations, The Management Process - An Overview, Stimulating Organizational Creativity, Charting the Organization's Direction, Developing the Organization's Structure, Motivating Employees, Sharing Ideas with Others, Measuring and Assuring the Organization's Progress, Managing the Activities of Business Organizations, Planning for Product Creation, Managing Production, Providing Organizational Funds, Managing Funds, Providing Human Resources, Managing the Marketing of Goods and Services, The Results of Business Organizations, Goods and Services for Customers, Business Organizations and the World around them, Meeting Society's Expectations, Unions in Today's Society, Special Issues in Managing Organizations, Small Business management, Careers in Nonbusiness Organizations, Index.
700 1# - ΠΡΟΣΘΕΤΗ ΑΝΑΓΡΑΦΗ--ΦΥΣΙΚΟ ΠΡΟΣΩΠΟ
Personal name Gullett Ray C
9 (RLIN) 1303
700 1# - ΠΡΟΣΘΕΤΗ ΑΝΑΓΡΑΦΗ--ΦΥΣΙΚΟ ΠΡΟΣΩΠΟ
Personal name Hicks G. Herbert
9 (RLIN) 1304
942 ## - ADDED ENTRY ELEMENTS (KOHA)
Koha item type Books
Holdings
Τύπος τεκμηρίου Βιβλιοθήκη Τρέχουσα τοποθεσία Barcode Αριθμός εισαγωγής Ημερομηνία απόκτησης Ταξιθετικό σύμβολο Αριθμός αντιτύπου Κατάσταση απόσυρσης Κατάσταση χαμένου Κατάσταση κατεστραμμένου Μη δανεισμός Σύνολο δανεισμών Ημερομηνία τελευταίας εμφάνισης Η τιμή ισχύει από
Books MC Athens Campus Library MC Athens Campus Library 9780000009753 1647 05/06/2025 658.4 HIC 1           05/06/2025 05/06/2025

MC Athens Campus Library
Πατησίων 94 & Κοδριγκτώνος 13, 104 34
Πελλήνης 8 & Πατησίων 107, 112 51
Τ: +30 210 8899600

MC Thessaloniki Campus Library
Ίωνος Δραγούμη 21, 54625 | Ίωνος Δραγούμη 15, 54625
Τ: +30 2310 287779 – Τ: +30 2314 440300